| 000 | 00866cam a2200289 a 4500 | ||
|---|---|---|---|
| 001 | 000019507 | ||
| 005 | 20200929170035.0 | ||
| 008 | 100629s1968 mx 000 e spa d | ||
| 040 |
_aDO-SdBNP _bspa _cBNPHU |
||
| 082 |
_a844.9 _bB844v, 1968 |
||
| 100 | 1 |
_aBreton, André, _d1896-1966 _939334 |
|
| 240 | 1 | 4 |
_aLes vases communicants. _lEspañol |
| 245 | 1 | 4 |
_aLos vasos comunicantes / _cAndré Breton ; traducción de Agustí Bartra. |
| 250 | _a2a ed. | ||
| 260 |
_aMéxico : _bJoaquín Mortiz, _c1968. |
||
| 300 |
_a159 p. ; _c18 cm. |
||
| 490 | 1 | _aVolador | |
| 650 | 4 |
_aEnsayos franceses _92545 |
|
| 650 | 4 |
_aLiteratura francesa _91074 |
|
| 650 | 4 |
_aSurrealismo (literatura) _920582 |
|
| 650 | 4 |
_aSueños _941871 |
|
| 650 | 4 |
_aSubconsciencia _940851 |
|
| 700 | 1 |
_aBartra, Agustí, _etr. _911600 |
|
| 830 | 0 |
_aVolador _912484 |
|
| 910 | _aWM | ||
| 049 | _aBNGR | ||
| 999 |
_c19023 _d19023 |
||